IATA Airport Codes - North America - Statistics

General Stats
  • This quiz has been taken 137 times
  • The average score is 31 of 50
Answer Stats
Hint Answer % Correct
Atlanta Hartsfield-Jackson ATL
96%
Mexico City MEX
96%
Dallas Fort Worth DFW
91%
Los Angeles LAX
91%
Denver DEN
89%
New York John F. Kennedy JFK
89%
Chicago O'Hare ORD
89%
Miami MIA
87%
San Francisco SFO
87%
Seattle Tacoma SEA
85%
Boston Logan BOS
83%
Oakland OAK
83%
Las Vegas McCarran LAS
81%
Toronto Pearson YYZ
77%
Anchorage Ted Stevens ANC
75%
Havana Jose Marti HAV
75%
Honolulu HNL
75%
Phoenix Sky Harbour PHX
75%
Salt Lake City SLC
75%
Guatemala City GUA
74%
New York La Guardia LGA
74%
Newark Liberty EWR
72%
Washington Dulles IAD
72%
Minneapolis Saint Paul MSP
70%
Dallas Love Field DAL
66%
Vancouver YVR
64%
Charlotte Douglas CLT
62%
Cancun CUN
62%
Detroit Wayne County DTW
57%
Houston George Bush IAH
57%
Montreal Trudeau YUL
57%
Chicago Midway MDW
55%
Port of Spain POS
55%
Calgary YYC
55%
Orlando International MCO
51%
Monterrey MTY
49%
Ottawa Macdonald-Cartier YOW
49%
San Salvador SAL
45%
Washington National DCA
40%
Guadalajara GDL
38%
New Orleans Louis Armstrong MSY
38%
Panama City Tocumen PTY
36%
Montego Bay MBJ
34%
Edmonton YEG
26%
Bridgetown BGI
25%
Tegucigalpa Toncontin TGU
25%
Punta Cana PUJ
23%
Halifax Stanfield YHZ
17%
Toronto City YTZ
13%
Vieux Fort UVF
8%
No matching quizzes found
Score Distribution
Percent of People with Each Score
Percentile by Number Answered
Your Score History
You have not taken this quiz